| 000 | 01181cam a2200301 a 4500 | ||
|---|---|---|---|
| 999 |
_c232554 _d232554 |
||
| 001 | 12004658 | ||
| 003 | Nust | ||
| 005 | 20170220192028.0 | ||
| 008 | 000511s2001 nyu 000 1 eng | ||
| 010 | _a 00040268 | ||
| 020 | _a9780006514664 | ||
| 040 |
_aDLC _cDLC _dDLC |
||
| 050 | 0 | 0 |
_aPR6058.I343 _bE34 2001 |
| 082 | 0 | 0 |
_a823.914 _bHIG |
| 100 | 1 |
_aHiggins, Jack, _d1929- |
|
| 245 | 1 | 0 |
_aEdge of danger / _cJack Higgins. |
| 260 |
_aNew York : _bG.P. Putnam's Sons, _c2001. |
||
| 300 |
_a345 p. ; _c24 cm. |
||
| 650 | 0 |
_aDillon, Sean (Fictitious character) _vFiction. |
|
| 650 | 0 |
_aJohnson, Blake (Fictitious character) _vFiction. |
|
| 650 | 0 |
_aPresidents _xAssassination attempts _vFiction. |
|
| 650 | 0 |
_aAttempted assassination _vFiction. |
|
| 650 | 0 |
_aArabs _zGreat Britain _vFiction. |
|
| 650 | 0 |
_aVendetta _vFiction. |
|
| 655 | 7 |
_aSuspense fiction. _2gsafd |
|
| 906 |
_a7 _bcbc _corignew _d1 _eocip _f20 _gy-gencatlg |
||
| 942 |
_2ddc _cBK |
||